Introducción a la Ingeniería y al Diseño en la Ingeniería

Bibliographic Details
Main Author: Krick, E.V
Format: Section = Libro
Language:Undetermined
Spanish
Published: México Limusa 1981
Edition:2a.ed.
Subjects:
LEADER 00859nam a2200289Ia 4500
008 240830s9999 xx 000 0 und d
020 |a 968-18-0176-8 
040 |a CEDOC FIQ-RUSB / 540 K92 
041 |a spa 
082 |a 540 K92 
100 1 |a Krick, E.V 
245 1 0 |a Introducción a la Ingeniería y al Diseño en la Ingeniería 
250 |a 2a.ed. 
260 |a México  |b Limusa  |c 1981 
300 |a 240 p. :il 
650 7 |a QUIMICA 
650 7 |b  PROBLEMAS DE INGENIERÍA 
650 7 |c  ORÍGENES DE LA INGENIERÍA MODERNA 
650 7 |d  CUALIDADES DEL INGENIERO 
650 7 |e  OPTIMIZACIÓN 
650 7 |f  PROCESO DE DISEÑO 
650 7 |g  OPTIMIZACIÓN DE LOS MÉTODOS DE RESOLUCIÓN DE PROBLEMAS 
650 7 |h  LA INGENIERÍA Y LA SOCIEDAD 
650 7 |i  OPORTUNIDADES Y RETOS. 
942 |c BK  |2 ddc 
991 |a TEXTO 
999 |c 13654